| 000 | 01454cam a2200373 a 4500 | ||
|---|---|---|---|
| 999 |
_c522851 _d522851 |
||
| 001 | 14825498 | ||
| 003 | NUST | ||
| 005 | 20190124112649.0 | ||
| 008 | 070427s2007 nyu b 001 0 eng d | ||
| 010 | _a 2007310337 | ||
| 020 | _a1560259795 | ||
| 020 | _a9781560259794 | ||
| 035 | _a(OCoLC)ocm84897494 | ||
| 038 | _aTanveer | ||
| 040 |
_aOCO _cOCO _dYDXCP _dBAKER _dTJC _dIXA _dSUC _dBTCTA _dDLC |
||
| 042 | _alccopycat | ||
| 043 |
_an-us--- _aa-iq--- |
||
| 050 | 0 | 0 |
_aDS79.76 _b.S322 2007 |
| 082 | 0 | 0 |
_a355.3540973 _222 _bSCA |
| 100 | 1 |
_aScahill, Jeremy. _913158 |
|
| 245 | 1 | 0 |
_aBlackwater : _bthe rise of the world's most powerful mercenary army / _cJeremy Scahill. |
| 260 |
_aNew York, NY : _bNation Books, _cc2007. |
||
| 300 |
_axxvii, 452 p. ; _c24 cm. |
||
| 504 | _aIncludes bibliographical references (p. 383-438) and index. | ||
| 610 | 2 | 0 |
_aBlackwater USA. _913159 |
| 650 | 0 |
_aMercenary troops _zUnited States. _913160 |
|
| 650 | 0 |
_aFallujah, Battle of, Fallūjah, Iraq, 2004. _913161 |
|
| 650 | 0 |
_aSpecific companies. _913162 |
|
| 856 | 4 | 2 |
_3Publisher description _uhttp://www.loc.gov/catdir/enhancements/fy0714/2007310337-d.html |
| 856 | 4 | 2 |
_3Contributor biographical information _uhttp://www.loc.gov/catdir/enhancements/fy0830/2007310337-b.html |
| 906 |
_a7 _bcbc _ccopycat _d1 _encip _f20 _gy-gencatlg |
||
| 942 |
_2ddc _cBK |
||